<?xml version="1.0" encoding="UTF-8"?>
<marc:record xmlns:marc="http://www.loc.gov/MARC21/slim">
   <marc:leader>00000nam a2200000 a 4500</marc:leader>
   <marc:datafield ind1="1" ind2=" " tag="100">
      <marc:subfield code="a">Steinleitner, Jörg</marc:subfield>
      <marc:subfield code="4">aut</marc:subfield>
      <marc:subfield code="e">Verfasser/-in</marc:subfield>
   </marc:datafield>
   <marc:datafield ind1="0" ind2="0" tag="245">
      <marc:subfield code="a">Maibock</marc:subfield>
   </marc:datafield>
   <marc:datafield ind1="0" ind2="0" tag="245">
      <marc:subfield code="b">ein Fall für Anne Loop</marc:subfield>
   </marc:datafield>
   <marc:datafield ind1="0" ind2="0" tag="245">
      <marc:subfield code="c">Jörg Steinleitner</marc:subfield>
   </marc:datafield>
   <marc:datafield ind1=" " ind2="1" tag="264">
      <marc:subfield code="a">München</marc:subfield>
      <marc:subfield code="b">Piper</marc:subfield>
      <marc:subfield code="c">2015</marc:subfield>
   </marc:datafield>
   <marc:datafield ind1="1" ind2=" " tag="520">
      <marc:subfield code="a">Angaben aus der Verlagsmeldung

Maibock : Ein Fall für Anne Loop / von Jörg Steinleitner

Eine Bootsfahrt über den Alpensee - romantischer könnten sich Fiorella und Thorsten Franke ihre Flitterwochen kaum vorstellen. Doch beim Blick über die Reling trauen sie ihren Augen kaum: Ein lebloser Körper schwimmt geistergleich hinter dem Schiff her! Sieht so die weiß-blaue Urlaubsidylle aus? Für Anne Loop, die zuständige Polizistin, stellen sich noch ganz andere Fragen: Wer ist der Tote im Nadelstreifenanzug? Und besteht ein Zusammenhang mit dem hinterfotzigen Maibaum-Diebstahl, der die Seegemeinden gerade in Aufruhr versetzt?
</marc:subfield>
   </marc:datafield>
   <marc:datafield ind1=" " ind2=" " tag="020">
      <marc:subfield code="a">9783492306072</marc:subfield>
      <marc:subfield code="9">9783492306072</marc:subfield>
   </marc:datafield>
   <marc:datafield ind1=" " ind2=" " tag="020">
      <marc:subfield code="a">3492306071</marc:subfield>
      <marc:subfield code="9">3492306071</marc:subfield>
   </marc:datafield>
   <marc:datafield ind1=" " ind2=" " tag="041">
      <marc:subfield code="a">ger</marc:subfield>
   </marc:datafield>
   <marc:datafield ind1=" " ind2=" " tag="300">
      <marc:subfield code="a">291 S.</marc:subfield>
   </marc:datafield>
</marc:record>
